Formar docentes. Cómo, cuándo y en qué condiciones aprende el profesorado

שמור ב:
מידע ביבליוגרפי
מחבר ראשי: Day, Christopher (Author)
פורמט: ספר
שפה:ספרדית
יצא לאור: Madrid, España Narcea 2005
סדרה:Educación Hoy Estudios
נושאים:
תגים: הוספת תג
אין תגיות, היה/י הראשונ/ה לתייג את הרשומה!

MARC

LEADER 00000cam a2200000 a 4500
001 UCK6263
003 CL-VaPUC
005 20220526074459.0
008 050909e20050000SP |||||||||||||||||spa|d
999 |c 314562  |d 314560 
020 |a 8427714882 
040 |c Pontificia Universidad Católica de Valparaíso 
082 0 4 |a 370.71 DAY 2005  |2 21 
100 0 |a Day, Christopher  |e author  |9 64 
245 1 0 |a Formar docentes.  |b Cómo, cuándo y en qué condiciones aprende el profesorado 
260 |a Madrid, España   |b Narcea  |c 2005 
300 |a 284 páginas  
440 |a Educación Hoy Estudios  |9 857221 
500 |a c.8. Donación VRA-N.Vásquez 
583 |a last modification  |c 20121019 11:56:23  |k Rodrigo Vera 
650 0 |a Formación profesional de profesores  |9 307493 
650 0 |a Docentes  |9 311365 
650 0 |a Sociología de la educación   |9 260380 
650 0 |a Rol del docente  |9 329733 
942 |c BK  |2 ddc 
945 |d 20050909 00:00:00  |a jcarroza 
952 |0 0  |1 0  |4 0  |6 370_710000000000000_DAY_2005  |7 0  |8 A  |9 386956  |a BIBTEO  |b BIBTEO  |d 2019-11-22  |i 4157443  |o 370.71 DAY 2005  |p 4157443  |r 2025-01-17  |w 2019-11-22  |y BK  |k ICR 
952 |0 0  |1 0  |4 0  |6 370_710000000000000_DAY_2005  |7 0  |8 A  |9 386957  |a BIBEDU  |b BIBEDU  |c ES_NOD  |d 2019-11-22  |i 4327659  |o 370.71 DAY 2005  |p 4327659  |r 2023-08-09  |w 2019-11-22  |y BK  |k EDU 
952 |0 0  |1 0  |4 0  |6 370_710000000000000_DAY_2005  |7 0  |8 A  |9 386958  |a BIBHIS  |b BIBHIS  |d 2019-11-22  |i 4333942  |o 370.71 DAY 2005  |p 4333942  |r 2025-01-20  |w 2019-11-22  |y BK  |k HIS 
952 |0 0  |1 0  |4 0  |6 370_710000000000000_DAY_2005  |7 0  |8 A  |9 386959  |a BIBEDU  |b BIBEDU  |d 2019-11-22  |i 4342992  |o 370.71 DAY 2005  |p 4342992  |r 2019-11-22  |w 2019-11-22  |y BK  |k EFI 
952 |0 0  |1 0  |4 0  |6 370_710000000000000_DAY_2005  |7 0  |8 A  |9 386960  |a BIBEDU  |b BIBEDU  |d 2019-11-22  |i 434300K  |o 370.71 DAY 2005  |p 434300K  |r 2019-11-22  |w 2019-11-22  |y BK  |k EFI 
952 |0 0  |1 0  |4 0  |6 370_710000000000000_DAY_2005  |7 0  |8 A  |9 386961  |a BIBEDU  |b BIBEDU  |c ES_NOD  |d 2019-11-22  |i 4916727  |o 370.71 DAY 2005  |p 4916727  |r 2023-08-09  |w 2019-11-22  |y BK  |k EPE 
952 |0 0  |1 0  |3 erb  |4 0  |6 370_710000000000000_DAY_2005  |7 0  |8 A  |9 386962  |a BIBEDU  |b BIBEDU  |i 5255163  |o 370.71 DAY 2005  |p 5255163  |r 2019-11-22  |w 2019-11-22  |y BK  |z Catalogado en:20151210  |k EDI 
952 |0 0  |1 0  |2 ddc  |4 0  |6 370_710000000000000_DAY_2005  |7 0  |8 A  |9 577782  |a BIBHIS  |b BIBHIS  |d 2021-05-18  |i 5620899  |l 1  |o 370.71 DAY 2005  |p 5620899  |r 2025-01-20  |s 2023-05-18  |t 8  |w 2021-05-18  |y BK  |k HIS